| 000 | 00462nam a2200193Ia 4500 | ||
|---|---|---|---|
| 005 | 20230601104124.0 | ||
| 008 | 131103s9999 xx 000 0 und d | ||
| 020 | _a708843794 | ||
| 040 | _aLoreto College | ||
| 041 | _aEnglish | ||
| 082 |
_aF _bCOO |
||
| 100 | _aCookson,Catherine | ||
| 245 | 4 |
_aThe Nine Bloke _cCatherine Cookson |
|
| 260 |
_aLondon _bFutura _c1969 |
||
| 300 | _a238 p. | ||
| 650 | _aFiction in English | ||
| 850 | _aLCLIB | ||
| 942 | _cBK | ||
| 999 |
_c15707 _d66186 |
||